Memoria del congreso celebrado en Bremen los días 25 al 29 de junio de 1906 / (Record no. 151038)

MARC details
000 -LEADER
campo de control de longitud fija 01048nam a2200217 i 4500
001 - NÚMERO DE CONTROL
campo de control 151038
003 - IDENTIFICADOR DE NÚMERO DE CONTROL
campo de control ES-MaACL
005 - FECHA Y HORA DE LA ÚLTIMA TRANSACCIÓN
campo de control 20250826083217.0
007 - CAMPO FIJO DE DESCRIPCIÓN FÍSICA--INFORMACIÓN GENERAL
campo de control de longitud fija t|
008 - DATOS DE LONGITUD FIJA--INFORMACIÓN GENERAL
campo de control de longitud fija 071203s1906 sp ||||1| spa d
111 2# - ENTRADA PRINCIPAL--NOMBRE DE CONGRESO/REUNIÓN
Nombre de congreso/reunión o jurisdicción como elemento de entrada Congreso Internacional Algodonero (
Número del congreso/reunión o número de parte o sección 3º.
Fecha del congreso o de la firma del tratado 1906.
Sede del congreso/Lugar de la reunión Bremen)
9 (RLIN) 400
245 10 - MENCIÓN DEL TÍTULO
Título Memoria del congreso celebrado en Bremen los días 25 al 29 de junio de 1906 /
Mención de responsabilidad, etc. redactada por los congresistas D. Eduardo Calvet... [et al.] ; y leída en sesión pública en el Fomento del Trabajo Nacional por D. Eduardo Calvet.
260 ## - PUBLICACIÓN, DISTRIBUCIÓN, ETC.
Lugar de publicación, distribución, etc. Barcelona :
Nombre del editor, distribuidor, etc. [s.n.],
Fecha de publicación, distribución, etc. 1906 (
Fabricante Tipografía José Sabaté)
300 ## - DESCRIPCIÓN FÍSICA
Extensión 206 p. ;
Dimensiones 23 cm.
500 ## - NOTA GENERAL
Nota general Precede al tít.: Agrupaciones de Hiladores y Tejedores del Fomento del Trabajo Nacional, adheridas a la Federación Internacional de Asociaciones de Industriales Algodoneros.
650 14 - PUNTO DE ACCESO ADICIONAL DE MATERIA--TÉRMINO DE MATERIA
Término de materia o nombre geográfico como elemento de entrada Industria algodonera-
Subdivisión de forma Congresos.
9 (RLIN) 13718
700 1# - ENTRADA AGREGADA--NOMBRE PERSONAL
Nombre de persona Calvet, Eduardo.
9 (RLIN) 33806
710 2# - ENTRADA AGREGADA--NOMBRE DE ENTIDAD CORPORATIVA
Nombre de entidad corporativa o nombre de jurisdicción como elemento de entrada Fomento del Trabajo Nacional (Cataluña)
9 (RLIN) 4136
852 ## - LOCALIZACIÓN
Ubicación ES-MaACL
Número de control de estantería G-5181
Holdings
Estatus retirado Estado de pérdida Estado de daño No para préstamo Biblioteca de origen Biblioteca actual Ubicación en estantería Fecha de adquisición Fuente de adquisición Total de préstamos Signatura topográfica completa Código de barras Visto por última vez Precio de reemplazo Tipo de ítem Koha
        Biblioteca del Ateneo de Madrid Biblioteca del Ateneo de Madrid Depósito 2 17/01/2008     G-5181 1157604 23/02/2023 23/02/2023 Libro impreso